Coexpression of Phospholipase A2, Diacylglycerol acyltransferase 2, and Long-chain acyl-coenzyme A synthetase 9 from Punica granatum in Yarrowia lipolytica

Guardado en:
Detalles Bibliográficos
Autor principal: Weszelovszká, Emma (Autor)
Otros Autores: Gajdoš, Peter (Orientador)
Formato: Manuscrito Libro
Lenguaje:eslovaco
inglés
Publicado: 2024
Materias:
Acceso en línea:http://is.stuba.sk/zp/portal_zp.pl?podrobnosti=169613
Etiquetas: Agregar Etiqueta
Sin Etiquetas, Sea el primero en etiquetar este registro!

MARC

LEADER 00000ntm a22000003a 4500
001 stuzp99327
003 SK-STU
005 20240601210625.8
007 ta
008 150427s2015----xo-----f-mn---000-0-slo-d
040 |a STU  |b slo 
041 0 |a eng 
100 1 |a Weszelovszká, Emma  |u 044000  |k Z4  |4 aut  |U FCHPT Fakulta chemickej a potravinárskej technológie  |T FCHPT Ústav biotechnológie  |X 91903  |U C4000  |Y 102  |7 91903 
242 0 1 |a Koexpresia fosfolipázy A2, diacylglycerol acyltransferázy 2 a dlhoreťazcový acyl-koenzým A syntetázy 9 z Punica granatum v Yarrowia lipolytica  |y slo 
245 1 0 |a Coexpression of Phospholipase A2, Diacylglycerol acyltransferase 2, and Long-chain acyl-coenzyme A synthetase 9 from Punica granatum in Yarrowia lipolytica 
260 |c 2024 
650 4 |a kyselina puniková  |2 slo 
650 4 |a Golden Gate cloning  |2 slo 
650 4 |a elektroporácia  |2 slo 
650 4 |a chemická transformácia  |2 slo 
650 4 |a Yarrowia lipolytica  |2 slo 
650 4 |a Yarrowia lipolytica  |2 eng 
650 4 |a Golden Gate cloning  |2 eng 
650 4 |a punicic acid  |2 eng 
650 4 |a electroporation  |2 eng 
650 4 |a chemical transformation  |2 eng 
700 1 |a Gajdoš, Peter  |u 044000  |k Z1  |4 ths  |U FCHPT Fakulta chemickej a potravinárskej technológie  |T FCHPT Ústav biotechnológie  |X 40394  |U C4000  |Y 102  |7 A000040394 
856 4 |u http://is.stuba.sk/zp/portal_zp.pl?podrobnosti=169613